Geography Chain Pyramid Game #4 - Statistics

General Stats
  • This quiz has been taken 2,398 times
  • The average score is 7 of 15
Answer Stats
Hint Answer % Correct
1 Initial letter of country which controls Greenland D
99%
2 Country code for Germany DE
86%
11 Most famous landmark of Paris Eiffel Tower
82%
5 Russian currency Ruble
75%
8 D-Day French region Normandy
72%
3 Former name for Tokyo Edo
58%
7 Sea between India and Somalia Arabian
45%
9 Jewish day of atonement Yom Kippur
43%
4 River on Germany-Poland border Oder
34%
10 One of the most important Argentinian football clubs (The Millionaires) River Plate
22%
14 The southern of the two major landmasses of Michigan Lower Peninsula
18%
15 Largest desert in the world Antarctic Desert
13%
6 The second-largest Greek island Euboea
12%
12 10th answer in Spanish Río de la Plata
10%
13 An intergovernmental forum for Arctic governments and peoples Arctic Council
3%
No matching quizzes found
Score Distribution
Percent of People with Each Score
Percentile by Number Answered
Your Score History
You have not taken this quiz